000 01100cad a22002175a 4500
001 L152399
008 110301e20110119 d f s i000 0 eng d
035 _a(Sirsi) u152399
041 0 _aeng
110 2 _aEurostat
_91416
245 0 0 _aConstruction output down by 1.8% in euro area
_h[electronic resource]
260 _c2011
490 0 _aEurostat News Release
_v(25/2011) 17 February 2011
520 _aDecember 2010 compared with November 2010; construction output down by 1.8% in euro area; down by 3.1% in the EU27; in the construction sector, seasonally adjusted production fell by 1.8% in the euro area (EA16) and by 3.1% in the EU27 in December 2010, compared with the previous month. In November 2010, production decreased by 0.9% and 0.8% respectively.
590 _aKA NTK
650 2 4 _aEUROSTAT MONTHLY CONSTRUCTION INDEX
651 4 _aEurope
690 _aBUILT ENVIRONMENT-CONSTRUCTION MARKET
856 4 0 _uhttps://epp.eurostat.ec.europa.eu/cache/ITY_PUBLIC/4-17022011-AP/EN/4-17022011-AP-EN.PDF
_zView the item free of charge at http://epp.eurostat.ec.europa.eu
942 _n0
999 _c112037
_d112037